Statistics for Ultimate Final Fantasy VII Quiz

Click here to take the quiz!

General Stats

  • This quiz has been taken 105 times
  • The average score is 40 of 82

Answer Stats

HintAnswer% Correct
Ex-SoldierCloud Strife
97%
Seto's sonRed XIII/Nanaki
94%
Main villainSephiroth
94%
Red headed TurkReno
91%
Bald TurkRude
91%
Head scientist at ShinraProfessor Hojo
90%
Gun arm who leads AVALANCHEBarret Wallace
86%
Blonde TurkElena
86%
Owner of the HighwindCid Highwind
84%
Leader of the TurksTseng
84%
Former TurkVincent Valentine
84%
Last of the AncientsAerith Gainsborough
82%
1 of 3 members of AVALANCHE killed by ShinraWedge
82%
1 of 3 members of AVALANCHE killed by ShinraBiggs
81%
Takes over Shinra after his father is murderedRufus Shinra
80%
Sacrifice for the Black MateriaCait Sith
78%
1 of 3 members of AVALANCHE killed by ShinraJessie
78%
Soldier who wants to be a HeroZack Fair
77%
The calamity that fell from the skyJenova
75%
Wutai TheifYuffie Kisaragi
71%
1 of 5 monsters created by the planet to defeat JenovaRuby WEAPON
70%
1 of 5 monsters created by the planet to defeat JenovaEmerald WEAPON
68%
Father of one of the heroes of VII who turned to stone defending his townSeto
67%
Head of Shinra's Weapons development with a mean slapScarlet
66%
Ice SummonShiva
66%
Dilly dally shilly shallyTifa Lockhart
66%
First Dragon SummonBahamut
65%
1 of 5 monsters created by the planet to defeat JenovaDiamond WEAPON
65%
Second "new" Dragon SummonNEO Bahamut
65%
Norse God SummonOdin
65%
Perverted man who has to choose a dateDon Corneo
63%
Fire SummonIfrit
63%
Wutai Water SummonLeviathan
62%
Wind SummonChocobo/Mog
61%
1 of 5 monsters created by the planet to defeat JenovaUltimate WEAPON
61%
Wise elder of Cosmo CanyonBugenhagen
59%
1 of 5 monsters created by the planet to defeat JenovaSapphire WEAPON
59%
Head of Shinra's Public Safety Maintenance DepartmentHeidegger
58%
King Arthur Summon that requires a Gold ChocoboKnights of the Round
58%
Other lead scientist behind the Jenova ProjectProfessor Gast
58%
Lightning SummonRamuh
58%
Daughter of the leader of AVALANCHEMarlene Wallace
57%
Third "number" Dragon SummonBahamut ZERO
56%
Head of Shinra's space programPalmer
56%
Holy SummonAlexander
52%
Earth SummonTitan
49%
Manager of the Gold SaucerDio
48%
Mother to the Last AncientIfalna
48%
Rebirth SummonPhoenix
48%
Wife of the airship pilotShera
46%
Shinra worker who controls one of the main heroes of FFVIIReeve Tuesti
42%
Adoptive mother to the Last of the AncientsElmyra Gainsborough
39%
Mayor of MidgarDomino
37%
Bull SummonKjata/Kujata
37%
Greek God SummonHades
35%
Knows all there is to know about ChocobosChocobo Sage
29%
1 of the 3 remnants of SephirothLoz
28%
Wind SummonTyphon/Typhoon
28%
Turk who uses a shurikenCissnei
24%
1 of the 3 remnants of SephirothYazoo
24%
Shinra scientist who researched Chaos, mother to the main villain of FFVIILucretia Crescent
22%
Shinra scientist in charge of Project GHollander
18%
Mentor who said "Use brings about wear, tear, and rust, and that's a real waste."Angeal Hewley
16%
Kid infected with the GeostigmaDenzel
16%
Used to create the Tsviets, suffered from degredationGenesis Rhapsodos
15%
The best that lives inside one of the heroes of FFVIIChaos
14%
"Unholy" Dragon Summon used to find Jenova's headBahamut SIN
13%
Brother to the leader of the TsvietsNero the Sable
9%
Leader of the TsvietsWeiss the Immaculate
9%
Former Director of SoldierLazard Deusericus
8%
Redhead who secures the ProtomateriaRosso the Crimson
8%
Big Blue of the TsvietsAzul the Cerulean
6%
Former leader of the TurksVeld
6%
One armed assistant in Dirge of CerebrusShalua Rui
5%
Youngest member of the TsvietsShelke the Transparent
5%
Former leader of AVALANCHEElfe
4%
"Angry" Dragon SummonBahamut Fury
3%
Scientist of AVALANCHEFuhito
3%
1 of the 3 remnants of SephirothKadaz
3%
Former second in command of AVALANCHEShears
3%
Tsviet who lives by "strength hidden in weakness"Argento
1%
Death God of the BattlefieldLegend
1%

Score Distribution

Percentile by Number Answered

Percent of People with Each Score

Your Score History

You have not taken this quiz